书目信息 |
| 题名: |
每日必练进阶教程
|
|
| 作者: | 布拉卡瓦尔 著 ;胡越菲 译 | |
| 分册: | 单簧管 单簧管 | |
| 出版信息: | 上海 上海音乐出版社 2013 |
|
| 页数: | 56页 | |
| 开本: | 31cm | |
| 丛书名: | ||
| 单 册: | ||
| 中图分类: | J621.2 , J621.4 | |
| 科图分类: | ||
| 主题词: | 单簧管--dan huang guan--吹奏法--教材 | |
| 电子资源: | ||
| ISBN: | 978-7-5523-0133-5 | |
| 000 | 01323nam 2200313 45 | |
| 001 | 012001009443 | |
| 005 | 20140102083446.0 | |
| 010 | @a978-7-5523-0133-5@b2@dCNY34.00 (含光盘) | |
| 010 | @a978-7-88880-530-9@b光盘 ; 2 | |
| 099 | @aCAL 012013107117 | |
| 100 | @a20130912d2013 em y0chiy50 ea | |
| 101 | 2 | @achi@aeng@cfre |
| 102 | @aCN@b310000 | |
| 105 | @ag z 000yy | |
| 106 | @ar | |
| 200 | 1 | @a每日必练进阶教程@Amei ri bi lian jin jie jiao cheng@i单簧管@d= Sunshine everyday basic exercises for clarinet@h单簧管@f史蒂芬·布拉卡瓦尔著@g胡越菲译@zeng@FShi Di Fen· Bu La Ka Wa Er Zhu@PSDFBLKWEZ |
| 210 | @a上海@c上海音乐出版社@c上海文艺音像电子出版社@d2013 | |
| 215 | @a56页@c乐谱@d31cm@e光盘 片 | |
| 300 | @a原版引进 | |
| 306 | @a比利时联合音乐传媒出版公司提供版权 | |
| 330 | @a本书中内容不仅包括音阶、和弦等基本练习,还包括现代流行的摇摆乐节奏练习。此外,还附有伴奏光盘。全书从四升四降的调开始,一直到五升六降的调,集中练习单簧管的最高音和最低音。 | |
| 500 | 10 | @aSunshine everyday basic exercises for clarinet@mChinese |
| 606 | 0 | @a单簧管@Adan huang guan@x吹奏法@j教材 |
| 690 | @aJ621.2@v4 | |
| 690 | @aJ621.4@v4 | |
| 701 | 1 | @a布拉卡瓦尔@Abu la ka wa er@g(Bracaval, Stefan)@4著 |
| 702 | 0 | @a胡越菲@Ahu yue fei@4译 |
| 801 | 2 | @aCN@b上海新华@c20191020 |
| 905 | @b1188208-11@dJ621.2@e394@f4 | |
| 每日必练进阶教程.单簧管= Sunshine everyday basic exercises for clarinet.单簧管/史蒂芬·布拉卡瓦尔著/胡越菲译.-上海:上海音乐出版社:上海文艺音像电子出版社,2013 |
| 56页:乐谱;31cm+光盘 片 |
| 原版引进 |
| ISBN 978-7-5523-0133-5(2):CNY34.00 (含光盘) |
| 本书中内容不仅包括音阶、和弦等基本练习,还包括现代流行的摇摆乐节奏练习。此外,还附有伴奏光盘。全书从四升四降的调开始,一直到五升六降的调,集中练习单簧管的最高音和最低音。 |
| ● |
| 相关链接 |
|
|
|
|
正题名:每日必练进阶教程
索取号:J621.2/394
 
预约/预借
| 序号 | 登录号 | 条形码 | 馆藏地/架位号 | 状态 | 备注 |
| 1 | 1188208 | 211882088 | 第一样本阅览室/ [索取号:J621.2/394] | 在馆 | |
| 2 | 1188209 | 211882097 | 第一借阅区/ [索取号:J621.2/394] | 在馆 | |
| 3 | 1188210 | 211882104 | 第一借阅区/ [索取号:J621.2/394] | 在馆 | |
| 4 | 1188211 | 211882113 | 第一借阅区/ [索取号:J621.2/394] | 在馆 |